000 00418nam a22001697a 4500
005 20250812101753.0
008 250812b |||||||| |||| 00| 0 eng d
020 _a0-582-0
050 _aGB 401.5 R52 1988
100 _aR.J. RICE
245 _aFUNDAMENTALS OF GEOMORPHOLOGY
250 _a2ND
260 _aKENYA
_bLONGMAN PUBLISHERS
_c1988
300 _aX,420
500 _aINCLUDES AN INDEX
942 _2lcc
_cBK
999 _c216025
_d216025